[Event "Women Team Championship Preliminaries"]
[Site "Mulhouse"]
[Date "2016.05.05"]
[Round "1.1"]
[White "Javakhisvili, Lela"]
[Black "Haast, Anne"]
[Result "1-0"]
[WhiteElo "2493"]
[BlackElo "2309"]
[PlyCount "89"]
[EventDate "2016.05.05"]
[EventType "team"]
[EventRounds "5"]
[EventCountry "FRA"]
[WhiteTeam "Bischwiller"]
[BlackTeam "Cannes"]
[WhiteTeamCountry "FRA"]

1. Nf3 d5 2. e3 Bg4 3. c4 dxc4 4. Bxc4 e6 5. Be2 Nd7 6. O-O Ngf6 7. h3 Bh5 8.
d4 Be7 9. Nc3 c5 10. d5 exd5 11. Nxd5 O-O 12. Nf4 Bxf3 13. Bxf3 Qc7 14. Qc2
Rfd8 15. b3 Bd6 16. g3 Rac8 17. Bg2 b5 18. a4 a6 19. axb5 axb5 20. Bd2 b4 21.
Rfc1 Nb6 22. Be1 Qb8 23. Qe2 Be5 24. Ra5 Qd6 25. Qb5 Bb2 26. Rb1 Bc3 27. Ra6
Bxe1 28. Rxb6 Qd2 29. Qf1 Bxf2+ 30. Qxf2 Qc3 31. g4 Rd2 32. Qe1 Re8 33. Rc1 Qb2
34. Rd1 Rxd1 35. Qxd1 Qc3 36. Qd3 Rxe3 37. Rb8+ Ne8 38. Qxc3 bxc3 39. Kf2 c2
40. Ne2 Re6 41. Rc8 h5 42. Rxc5 hxg4 43. hxg4 Nf6 44. Bf3 Rb6 45. Nd4 1-0

[Event "Women Team Championship Preliminaries"]
[Site "Mulhouse"]
[Date "2016.05.05"]
[Round "1.2"]
[White "Bensdorp-Delabaca, Marlies"]
[Black "Maisuradze , Nino"]
[Result "1-0"]
[WhiteElo "2223"]
[BlackElo "2239"]
[PlyCount "121"]
[EventDate "2016.05.05"]
[EventType "team"]
[EventRounds "5"]
[EventCountry "FRA"]
[WhiteTeam "Cannes"]
[BlackTeam "Bischwiller"]

1. d4 Nf6 2. c4 e6 3. Nf3 c5 4. d5 exd5 5. cxd5 d6 6. Nc3 g6 7. Qa4+ Nbd7 8.
Bf4 a6 9. e4 Rb8 10. Bd3 b5 11. Qc2 Qe7 12. O-O Bg7 13. e5 dxe5 14. Nxe5 Nxe5
15. Bxe5 Rb6 16. Rfe1 O-O 17. a4 c4 18. Bf1 Qd8 19. axb5 axb5 20. Qd2 Nd7 21.
Bxg7 Kxg7 22. Ra5 Ba6 23. Rea1 Qc8 24. Qd4+ Kg8 25. Ne4 Bb7 26. g3 Rd8 27. Rd1
f5 28. Ng5 Nc5 29. Bg2 Rbd6 30. Rxb5 Nb3 31. Qh4 Qd7 32. Qxc4 Ba6 33. Qxb3 Qxb5
34. Qc3 Bb7 35. Re1 Qd7 36. Ne6 Re8 37. Nc5 Rxe1+ 38. Qxe1 Qb5 39. b4 Ba6 40.
h4 Kf7 41. h5 Qe2 42. Qa1 gxh5 43. Ne6 Rxe6 44. dxe6+ Qxe6 45. Qd1 Be2 46. Qd2
Kg6 47. Bd5 Qe5 48. Bc6 Qa1+ 49. Kh2 Qe5 50. Qd8 f4 51. Qg8+ Kf6 52. Qh8+ Ke6
53. Bd7+ Kd5 54. Bc6+ Ke6 55. Qe8+ Kf6 56. Qh8+ Ke6 57. Qxh7 fxg3+ 58. fxg3 Qb2
59. Qg8+ Ke7 60. Qe8+ Kf6 61. Qh8+ 1-0

[Event "Women Team Championship Preliminaries"]
[Site "Mulhouse"]
[Date "2016.05.05"]
[Round "1.3"]
[White "Fischer, Julie"]
[Black "Verot, Melanie"]
[Result "1/2-1/2"]
[WhiteElo "2007"]
[BlackElo "2042"]
[PlyCount "83"]
[EventDate "2016.05.05"]
[EventType "team"]
[EventRounds "5"]
[EventCountry "FRA"]
[WhiteTeam "Bischwiller"]
[BlackTeam "Cannes"]

1. e4 c5 2. Nc3 a6 3. g3 b5 4. Bg2 Bb7 5. a4 b4 6. Nd5 e6 7. Ne3 Be7 8. d3 d6
9. f4 Nc6 10. Nf3 h5 11. h3 Bf6 12. O-O Qc7 13. Rb1 Nge7 14. Bd2 a5 15. Qe1 Ng6
16. Nc4 O-O-O 17. Nxd6+ Qxd6 18. e5 Ngxe5 19. fxe5 Nxe5 20. Nxe5 Qxe5 21. Bxb7+
Kxb7 22. Qxe5 Bxe5 23. Rxf7+ Kc6 24. Kg2 Rhf8 25. Rxf8 Rxf8 26. Re1 Bxb2 27.
Rxe6+ Kd5 28. Ra6 Re8 29. Kf3 Rf8+ 30. Bf4 Be5 31. h4 Bxf4 32. gxf4 Re8 33. Rg6
Re1 34. Rxg7 Rf1+ 35. Ke3 Re1+ 36. Kd2 Rf1 37. Rg5+ Kd4 38. Rxh5 Rxf4 39. Ke2
Rg4 40. Kf2 Rf4+ 41. Ke2 Rg4 42. Kf2 1/2-1/2

[Event "Women Team Championship Preliminaries"]
[Site "Mulhouse"]
[Date "2016.05.05"]
[Round "1.4"]
[White "Gras, Delphine"]
[Black " Bellahcene, Meriem"]
[Result "1-0"]
[WhiteElo "1942"]
[BlackElo "1858"]
[PlyCount "66"]
[EventDate "2016.05.05"]
[EventType "team"]
[EventRounds "5"]
[EventCountry "FRA"]
[WhiteTeam "Cannes"]
[BlackTeam "Bischwiller"]

1. e4 c5 2. Nf3 Nc6 3. d4 cxd4 4. Nxd4 g6 5. Nc3 Bg7 6. Nb3 Nf6 7. Be2 O-O 8.
O-O d6 9. Re1 Be6 10. Bf1 Qc8 11. Nd5 Re8 12. Bg5 Bxd5 13. exd5 Nb4 14. c4 Qf5
15. Qd2 Na6 16. Bd3 Qd7 17. Re3 Ng4 18. Re4 Ne5 19. Rae1 e6 20. Bf1 Qc7 21. Bf4
Rac8 22. Bxe5 Bxe5 23. f4 Bg7 24. dxe6 f5 25. R4e3 Qb6 26. Kh1 Nc5 27. Nxc5
Qxc5 28. b4 Qb6 29. Rd3 Rxc4 30. Rxd6 Rc2 31. Qd5 Qc7 32. e7+ Kh8 33. Rd8 Qc8
1-0

[Event "Women Team Championship Preliminaries"]
[Site "Mulhouse"]
[Date "2016.05.05"]
[Round "1.1"]
[White "Daulyte, Deimante"]
[Black "Madl, Ildiko"]
[Result "0-1"]
[WhiteElo "2392"]
[BlackElo "2321"]
[PlyCount "46"]
[EventDate "2016.05.05"]
[EventType "team"]
[EventRounds "5"]
[EventCountry "FRA"]
[WhiteTeam "Montpellier"]
[BlackTeam "Juvisy sur Orge"]

1. e4 c5 2. Nf3 d6 3. d4 cxd4 4. Nxd4 Nf6 5. Nc3 Nc6 6. Bg5 e6 7. Qd2 a6 8.
O-O-O h6 9. Bh4 Nxe4 10. Qf4 Ng5 11. Nxc6 bxc6 12. Qa4 Qb6 13. Bg3 Rb8 14. b3
Qc5 15. h4 Rb4 16. Qa3 Qxc3 17. hxg5 Be7 18. Rd3 Qa1+ 19. Kd2 d5 20. gxh6 Rxh6
21. Rxh6 gxh6 22. Qc1 Bg5+ 23. f4 Rxf4 0-1

[Event "Women Team Championship Preliminaries"]
[Site "Mulhouse"]
[Date "2016.05.05"]
[Round "1.2"]
[White "Bismuth, Lea"]
[Black "Hamdouchi, Adina-Maria"]
[Result "0-1"]
[WhiteElo "1881"]
[BlackElo "2209"]
[PlyCount "68"]
[EventDate "2016.05.05"]
[EventType "team"]
[EventRounds "5"]
[EventCountry "FRA"]
[WhiteTeam "Juvisy sur Orge"]
[BlackTeam "Montpellier"]

1. Nc3 e5 2. Nf3 Nc6 3. d4 exd4 4. Nxd4 Nf6 5. Bg5 Bb4 6. Qd3 O-O 7. O-O-O Nxd4
8. Qxd4 Bxc3 9. bxc3 h6 10. Bh4 d6 11. e4 Be6 12. Kb2 c5 13. Qa4 a6 14. Ka1 b5
15. Qa3 g5 16. e5 gxh4 17. exf6 Qxf6 18. Rxd6 b4 19. Qb2 bxc3 20. Qa3 Qe5 21.
Rd1 Rfb8 22. f4 Qxf4 23. Qxc3 Qb4 24. Qxb4 Rxb4 25. Be2 Ra4 26. a3 Rb8 27. Rd3
Bc4 28. Rb1 Rxb1+ 29. Kxb1 Bxd3 30. Bxd3 Rxa3 31. Kb2 Ra4 32. Kb3 Rb4+ 33. Ka3
a5 34. c3 Rg4 0-1

[Event "Women Team Championship Preliminaries"]
[Site "Mulhouse"]
[Date "2016.05.05"]
[Round "1.3"]
[White "Haussernot, Cecile"]
[Black "Millet, Maud"]
[Result "1-0"]
[WhiteElo "2087"]
[BlackElo "1977"]
[PlyCount "79"]
[EventDate "2016.05.05"]
[EventType "team"]
[EventRounds "5"]
[EventCountry "FRA"]
[WhiteTeam "Montpellier"]
[BlackTeam "Juvisy sur Orge"]

1. e4 d6 2. d4 e5 3. Nf3 Nf6 4. dxe5 Nxe4 5. Bc4 Be6 6. Bxe6 fxe6 7. O-O Nc6 8.
exd6 cxd6 9. Qe2 d5 10. Nbd2 Nc5 11. c3 Qf6 12. Nd4 Nxd4 13. cxd4 Qxd4 14. Nb3
Qd3 15. Qe5 Qg6 16. Be3 Nxb3 17. axb3 a6 18. Rac1 Qf6 19. Qc7 Qe7 20. Qb6 Qd6
21. Qxb7 Rb8 22. Qa7 Rd8 23. Bb6 Rd7 24. Rc8+ Kf7 25. Qxa6 d4 26. Qb5 Qd5 27.
Bc5 Bxc5 28. Rxh8 d3 29. Qb8 d2 30. Rd1 Qd4 31. Qg3 h6 32. Qf3+ Kg6 33. Qg3+
Kf6 34. h4 Rd5 35. Qc3 e5 36. Qf3+ Kg6 37. h5+ Kg5 38. Qf7 e4 39. g3 Qf6 40.
Qxd5+ 1-0

[Event "Women Team Championship Preliminaries"]
[Site "Mulhouse"]
[Date "2016.05.05"]
[Round "1.4"]
[White "Rasinaru, Alina"]
[Black "Barbe Asensio, Cyrielle"]
[Result "0-1"]
[WhiteElo "1941"]
[BlackElo "1546"]
[PlyCount "82"]
[EventDate "2016.05.05"]
[EventType "team"]
[EventRounds "5"]
[EventCountry "FRA"]
[WhiteTeam "Juvisy sur Orge"]
[BlackTeam "Montpellier"]

1. e4 d5 2. exd5 Qxd5 3. Nc3 Qa5 4. d4 Nf6 5. Bc4 Bf5 6. Nf3 e6 7. O-O Bd6 8.
a3 $146 c6 9. Re1 O-O 10. Bg5 Nbd7 11. Qd2 Qc7 12. h3 h6 13. Bxf6 Nxf6 14. Ne5
Rad8 15. Qe2 Bxe5 16. dxe5 Nd5 17. Nxd5 cxd5 18. Bd3 Bxd3 19. Qxd3 Rc8 20. Rac1
Qc4 21. Qe3 a6 22. Red1 Qb5 23. b3 Qc5 24. Qxc5 Rxc5 25. c3 Rfc8 26. Rd3 b5 27.
f4 a5 28. Kf2 b4 29. axb4 axb4 30. c4 dxc4 31. bxc4 Rxc4 32. Rd8+ Rxd8 33. Rxc4
Rb8 34. Rc2 Kh7 35. Ke3 g5 36. g3 Kg6 37. Ke4 b3 38. Rb2 Rb4+ 39. Ke3 gxf4+ 40.
gxf4 Kf5 41. Rb1 b2 0-1

[Event "Women Team Championship Preliminaries"]
[Site "Mulhouse"]
[Date "2016.05.05"]
[Round "1.1"]
[White "Leriche, Ines"]
[Black "Doluhanova, Evgeniya"]
[Result "0-1"]
[WhiteElo "1912"]
[BlackElo "2262"]
[PlyCount "102"]
[EventDate "2016.05.05"]
[EventType "team"]
[EventRounds "5"]
[EventCountry "FRA"]
[WhiteTeam "Poitiers-Migne"]
[BlackTeam "Vandoeuvre"]

1. d4 Nf6 2. c4 e6 3. Nc3 Bb4 4. e3 O-O 5. Nge2 Re8 6. a3 Bf8 7. d5 exd5 8.
cxd5 c6 9. g3 cxd5 10. Nxd5 Nxd5 11. Qxd5 Nc6 12. Bg2 b6 13. Qb5 a5 14. Qa4 Ba6
15. Qd1 Rc8 16. O-O Ne5 17. Bd2 Be7 18. Bc3 Bf6 19. Bxe5 Bxe5 20. Qd2 Qf6 21.
Rab1 Re6 22. Bd5 Rd6 23. f4 Bxb2 24. e4 Bxe2 25. Qxe2 Qd4+ 26. Kh1 Bxa3 27. Qa2
Bb4 28. Rbd1 Qe3 29. Bxf7+ Kh8 30. Bd5 Rc5 31. Qg2 Rh6 32. e5 Rc8 33. Bf7 g5
34. Rxd7 Rhc6 35. Bd5 Rc1 36. Rg1 Rxg1+ 37. Qxg1 Rc1 38. Rd8+ Kg7 39. Rg8+ Kh6
40. fxg5+ Kh5 41. Bf7+ Kg4 42. Be6+ Kf3 43. Bd5+ Ke2 44. Bc4+ Rxc4 45. Qxe3+
Kxe3 46. Rg7 Rg4 47. e6 a4 48. Rb7 Bc5 49. Rxh7 Rxg5 50. Rh4 a3 51. Ra4 Re5 0-1

[Event "Women Team Championship Preliminaries"]
[Site "Mulhouse"]
[Date "2016.05.05"]
[Round "1.2"]
[White "Steil-Antoni, Fiona"]
[Black "Sommer, Hannah"]
[Result "1-0"]
[WhiteElo "2185"]
[BlackElo "1784"]
[PlyCount "47"]
[EventDate "2016.05.05"]
[EventType "team"]
[EventRounds "5"]
[EventCountry "FRA"]
[WhiteTeam "Vandoeuvre"]
[BlackTeam "Poitiers-Migne"]

1. e4 c5 2. Nc3 Nc6 3. f4 d6 4. Nf3 Nf6 5. Bc4 e6 6. d3 Be7 7. a3 O-O 8. Ba2 a6
9. O-O Qc7 10. Ne2 b5 11. Ng3 h6 12. c3 Bb7 13. f5 d5 14. e5 Nd7 15. f6 gxf6
16. Bxh6 Rfe8 17. exf6 Nxf6 18. Ng5 Ne5 19. Nh5 Neg4 20. Nxf6+ Nxf6 21. Nxf7
Kh7 22. Rxf6 Bxf6 23. Qh5 Qe7 24. Bf8+ 1-0

[Event "Women Team Championship Preliminaries"]
[Site "Mulhouse"]
[Date "2016.05.05"]
[Round "1.3"]
[White "Marchais, Aurelie"]
[Black "Leclair, Marie"]
[Result "1-0"]
[WhiteElo "1782"]
[BlackElo "1953"]
[PlyCount "109"]
[EventDate "2016.05.05"]
[EventType "team"]
[EventRounds "5"]
[EventCountry "FRA"]

1. d4 Nf6 2. Nf3 g6 3. Bg5 Bg7 4. Nbd2 O-O 5. e4 d5 6. e5 Ne4 7. Bh4 c5 8. c3
Nc6 9. Bd3 Nxd2 10. Qxd2 cxd4 11. cxd4 Qb6 12. Be2 Bf5 13. O-O Rac8 14. Rac1
Rfe8 15. Rfd1 f6 16. Bg3 Be4 17. Rc5 a6 18. Rdc1 Rcd8 19. Bd1 Kh8 20. Ba4 Bxf3
21. gxf3 fxe5 22. Bxc6 bxc6 23. Bxe5 Bxe5 24. dxe5 Qb8 25. f4 Qc8 26. Qd3 Qg4+
27. Qg3 Qe2 28. R1c2 Qe1+ 29. Kg2 d4 30. Qd3 Rf8 31. Rxc6 Rxf4 32. Rc8 Rxc8 33.
Rxc8+ Kg7 34. Rc2 Qxe5 35. Re2 Rg4+ 36. Kf1 Qd6 37. Qf3 Rh4 38. Qg3 Rh5 39.
Qxd6 exd6 40. Re6 Rd5 41. Ke2 Kf7 42. Re4 Re5 43. Kd3 Ke6 44. Kxd4 Kf5 45.
Rxe5+ dxe5+ 46. Ke3 Kg4 47. b4 Kh3 48. a4 Kxh2 49. b5 h5 50. bxa6 h4 51. a7 h3
52. a8=Q Kg1 53. Qf3 h2 54. Qg3+ Kh1 55. Ke2 1-0

[Event "Women Team Championship Preliminaries"]
[Site "Mulhouse"]
[Date "2016.05.05"]
[Round "1.4"]
[White "Sidibe, Malika"]
[Black "Gros, Rachel"]
[Result "1-0"]
[WhiteElo "1760"]
[BlackElo "1611"]
[PlyCount "105"]
[EventDate "2016.05.05"]
[EventType "team"]
[EventRounds "5"]
[EventCountry "FRA"]
[WhiteTeam "Vandoeuvre"]
[BlackTeam "Poitiers-Migne"]

1. e4 d5 2. exd5 Qxd5 3. Nc3 Qd6 4. Nf3 Nf6 5. d4 a6 6. Bc4 b5 7. Bb3 Bb7 8.
Ng5 e6 9. f3 Be7 10. O-O O-O 11. Re1 c5 12. dxc5 Qxc5+ 13. Be3 Qc7 14. Bf2 Rd8
15. Qe2 Nc6 16. Bxe6 Rf8 17. Bd5 Bd6 18. g3 h6 19. Nge4 Nxe4 20. Nxe4 Rae8 21.
Rad1 Kh8 22. Qd2 Be5 23. c3 Na5 24. Bxb7 Qxb7 25. Qd7 Qc6 26. Qxc6 Nxc6 27. Nc5
a5 28. Nd7 Rg8 29. Rd5 Bc7 30. Rxb5 Rd8 31. Rc5 Rxd7 32. Rxc6 Rb8 33. b3 Rbd8
34. Rc4 f6 35. Rd4 Be5 36. Rc4 Rd3 37. Re3 Rxe3 38. Bxe3 Rd3 39. Kf2 Rxc3 40.
Rxc3 Bxc3 41. Ke2 Bb4 42. Kd3 Kg8 43. Kc4 Kf7 44. Kb5 Ke6 45. Bb6 Kd5 46. Bxa5
Bd6 47. Bb6 f5 48. a4 f4 49. g4 Be5 50. a5 g6 51. a6 Bb8 52. Bc7 Ba7 53. Bxf4
1-0

[Event "Women Team Championship Preliminaries"]
[Site "Mulhouse"]
[Date "2016.05.05"]
[Round "1.1"]
[White "Brunello, Marina"]
[Black "P.Guichard, Pauline"]
[Result "1-0"]
[WhiteElo "2336"]
[BlackElo "2386"]
[PlyCount "63"]
[EventDate "2016.05.05"]
[EventType "team"]
[EventRounds "5"]
[EventCountry "FRA"]

1. e4 e5 2. Nf3 Nc6 3. Bc4 Bc5 4. d3 Nf6 5. O-O d6 6. c3 a6 7. a4 Ba7 8. Na3
O-O 9. Bg5 h6 10. Bh4 Bg4 11. h3 Bh5 12. Bb3 g5 13. Bg3 Kh7 14. Nc2 Rg8 15. Ne3
Ne7 16. Bc2 g4 17. hxg4 Nxg4 18. Nxg4 Rxg4 19. d4 Ng6 20. Qd2 Qf6 21. Kh1 Rg8
22. dxe5 dxe5 23. Qd7 Nh4 24. Nxe5 Rxg3 25. fxg3 Qxe5 26. gxh4 Rg4 27. Rxf7+
Bxf7 28. Qxg4 Be6 29. Qf3 c6 30. Rf1 Bb8 31. g3 h5 32. Qf4 1-0

[Event "Women Team Championship Preliminaries"]
[Site "Mulhouse"]
[Date "2016.05.05"]
[Round "1.2"]
[White "Fuchs, Judith"]
[Black "Bellaiche, Elise"]
[Result "1/2-1/2"]
[WhiteElo "2342"]
[BlackElo "2075"]
[PlyCount "79"]
[EventDate "2016.05.05"]
[EventType "team"]
[EventRounds "5"]
[EventCountry "FRA"]
[WhiteTeam "Bois-Colombes"]
[BlackTeam "Villepinte"]

1. e4 e6 2. d4 d5 3. Nc3 Bb4 4. exd5 exd5 5. Bd3 Nc6 6. a3 Bxc3+ 7. bxc3 Nge7
8. Qh5 Be6 9. Rb1 b6 10. Nf3 Qd7 11. Ng5 O-O-O 12. Nxe6 Qxe6+ 13. Be3 g6 14.
Qf3 Nf5 15. O-O Rhe8 16. Bb5 Kb7 17. Rfe1 Nxe3 18. Rxe3 Qd7 19. Rbe1 Rxe3 20.
fxe3 Nxd4 21. cxd4 Qxb5 22. Qxf7 Qa5 23. Re2 Qxa3 24. h3 Qd6 25. Rf2 Qd7 26.
Qf3 Kb8 27. Qe2 Qe6 28. Rf3 Re8 29. Qb5 g5 30. Kh1 h6 31. Qa4 Rg8 32. Qa6 g4
33. hxg4 Qxg4 34. Qf1 Kb7 35. Rf4 Qg6 36. Qf3 Qg5 37. Rf5 Qh4+ 38. Kg1 Qe1+ 39.
Kh2 Qh4+ 40. Kg1 1/2-1/2

[Event "Women Team Championship Preliminaries"]
[Site "Mulhouse"]
[Date "2016.05.05"]
[Round "1.3"]
[White "Ionitiu, Adela"]
[Black "Congiu, Mathilde"]
[Result "1/2-1/2"]
[WhiteElo "1950"]
[BlackElo "2267"]
[PlyCount "102"]
[EventDate "2016.05.05"]
[EventType "team"]
[EventRounds "5"]
[EventCountry "FRA"]

1. e4 c5 2. Nf3 d6 3. d4 cxd4 4. Nxd4 Nf6 5. Nc3 a6 6. Be2 e5 7. Nb3 Be6 8. Be3
Be7 9. O-O O-O 10. a4 Qc7 11. f3 Nc6 12. a5 Bxb3 13. Bb6 Bxc2 14. Bxc7 Bxd1 15.
Rfxd1 Nd4 16. Bf1 Rac8 17. Bb6 Nc2 18. Ra4 Rfe8 19. Bd3 Nd4 20. Bxd4 exd4 21.
Ne2 d5 22. e5 Nd7 23. f4 Bc5 24. Kf1 f6 25. Bf5 Rc7 26. e6 Nf8 27. Nxd4 g6 28.
Bg4 Bxd4 29. Raxd4 Nxe6 30. Bxe6+ Rxe6 31. Rxd5 Ree7 32. Rd8+ Kf7 33. R8d5 Rc2
34. R1d2 Rc4 35. R2d4 Rc1+ 36. Rd1 Rxd1+ 37. Rxd1 Rc7 38. b4 Ke6 39. Rd4 Rc2
40. h3 h5 41. Kg1 Rb2 42. Kh2 Kf5 43. Kg3 Rb3+ 44. Kf2 h4 45. Ke2 Rb2+ 46. Kf3
Rb3+ 47. Ke2 Rb1 48. Kf2 Rb2+ 49. Kf3 Rb3+ 50. Kf2 Rb2+ 51. Kf3 Rb3+ 1/2-1/2

[Event "Women Team Championship Preliminaries"]
[Site "Mulhouse"]
[Date "2016.05.05"]
[Round "1.4"]
[White "Dacalor, Aurelie"]
[Black "Dieuleveut, Floriane"]
[Result "1/2-1/2"]
[WhiteElo "2001"]
[BlackElo "1816"]
[PlyCount "120"]
[EventDate "2016.05.05"]
[EventType "team"]
[EventRounds "5"]
[EventCountry "FRA"]
[WhiteTeam "Bois-Colombes"]
[BlackTeam "Villepinte"]

1. d4 Nf6 2. c4 g6 3. Nc3 Bg7 4. e4 d6 5. Nf3 O-O 6. Be2 Nbd7 7. O-O e5 8. dxe5
Nxe5 9. Nxe5 dxe5 10. Bg5 Qxd1 11. Rfxd1 c6 12. Rd6 Ne8 13. Rd2 Nc7 14. c5 f6
15. Be3 Be6 16. Rad1 Rfe8 17. b3 Kf7 18. Na4 Ke7 19. Nb2 Red8 20. Rd6 Ne8 21.
Rxd8 Rxd8 22. Rxd8 Kxd8 23. Bc4 Nc7 24. Kf1 Bf8 25. a3 Bxc4+ 26. Nxc4 Ne6 27.
b4 Kc7 28. g3 g5 29. f3 Kd7 30. Ke2 Bg7 31. Kd3 h5 32. h3 Bf8 33. Bf2 Kc7 34.
a4 Kd7 35. Be3 Kc7 36. Bf2 Kd7 37. Na5 Kc7 38. Kc4 Be7 39. b5 cxb5+ 40. axb5 b6
41. cxb6+ axb6 42. Nb3 Kb7 43. Kd5 Nc7+ 44. Kc4 Ne6 45. Be3 Bf8 46. Kd5 Nc7+
47. Kc4 Ne6 48. Bf2 Be7 49. Be1 Kc7 50. Nc1 Nd4 51. f4 Nf3 52. Nd3 Nxe1 53.
Nxe1 gxf4 54. gxf4 exf4 55. Kd5 Kd7 56. Nf3 Bd6 57. Nh4 Be5 58. Nf3 Bd6 59. Nd2
Be5 60. Nf3 Bd6 1/2-1/2

[Event "Women Team Championship Preliminaries"]
[Site "Mulhouse"]
[Date "2016.05.05"]
[Round "1.1"]
[White "Paehtz, Elisabeth"]
[Black "Heineman, Josefine"]
[Result "1-0"]
[WhiteElo "2489"]
[BlackElo "2221"]
[PlyCount "137"]
[EventDate "2016.05.05"]
[EventType "team"]
[EventRounds "5"]
[EventCountry "FRA"]
[WhiteTeam "Mulhouse"]
[BlackTeam "Clichy"]

1. e4 e5 2. Nf3 Nc6 3. Bc4 Bc5 4. c3 Nf6 5. d3 d6 6. Bb3 a6 7. O-O O-O 8. h3
Ba7 9. Re1 h6 10. Nbd2 Re8 11. Nf1 Be6 12. Ng3 d5 13. Qe2 Qd7 14. Bc2 Rad8 15.
Nh2 d4 16. Qf3 Kh7 17. Bd2 Bc5 18. Red1 b5 19. Ne2 Qe7 20. g4 Nd7 21. Qg3 Nf8
22. Nf3 Ng6 23. Kh1 f6 24. a3 Kg8 25. h4 Rf8 26. h5 Nh8 27. Nh4 Qd7 28. Nf5 Nf7
29. f4 Rfe8 30. fxe5 Nfxe5 31. Nf4 Bf8 32. Nxe6 Qxe6 33. Be1 Qf7 34. a4 b4 35.
cxb4 Nxb4 36. Bxb4 Bxb4 37. Bb1 Kh8 38. Ba2 Qd7 39. Bd5 c6 40. Ba2 Rb8 41. Qg2
Bf8 42. Rac1 c5 43. Bd5 Qxa4 44. b3 Qb5 45. Qe2 Red8 46. Rb1 a5 47. Ra1 Rxd5
48. exd5 Qxb3 49. d6 a4 50. Rab1 Qxb1 51. Rxb1 Rxb1+ 52. Kg2 a3 53. Kg3 Rb8 54.
Qa2 c4 55. dxc4 d3 56. c5 d2 57. Ne3 Nd7 58. Qxa3 Rc8 59. Kf3 Nxc5 60. Qb4 Bxd6
61. Qxd2 Bf8 62. Qd5 Re8 63. Nf5 Ne6 64. Nh4 Ng5+ 65. Kg2 Ne6 66. Ng6+ Kg8 67.
Kf3 Kf7 68. Nf4 Re7 69. Ke4 1-0

[Event "Women Team Championship Preliminaries"]
[Site "Mulhouse"]
[Date "2016.05.05"]
[Round "1.2"]
[White "Afraoui, Anaelle"]
[Black "Choisy, Mathilde"]
[Result "1-0"]
[WhiteElo "1952"]
[BlackElo "2181"]
[PlyCount "67"]
[EventDate "2016.05.05"]
[EventType "team"]
[EventRounds "5"]
[EventCountry "FRA"]
[WhiteTeam "Clichy"]
[BlackTeam "Mulhouse"]

1. e4 c5 2. Nf3 Nc6 3. d4 cxd4 4. Nxd4 Nf6 5. Nc3 d6 6. Be2 e6 7. O-O Be7 8.
Be3 O-O 9. Kh1 a6 10. f4 Bd7 11. Qe1 Nxd4 12. Bxd4 b5 13. e5 dxe5 14. fxe5 Ne8
15. Bf3 Rc8 16. Qf2 Qc7 17. a3 Bc6 18. Ne4 Bd5 19. c3 Bxe4 20. Bxe4 g6 21. Qf4
Ng7 22. Rf3 Nh5 23. Qg4 Ng7 24. Rh3 Qd8 25. Rf1 Rc4 26. Bd3 Rc8 27. Rf6 Qd5 28.
Qg5 h5 29. Qh6 Rc7 30. Rxh5 Nxh5 31. Rxg6+ fxg6 32. Qxg6+ Ng7 33. Qh7+ Kf7 34.
Bg6# 1-0

[Event "Women Team Championship Preliminaries"]
[Site "Mulhouse"]
[Date "2016.05.05"]
[Round "1.3"]
[White "Richard, Emma"]
[Black "Bonvalot, Isabelle"]
[Result "1-0"]
[WhiteElo "2086"]
[BlackElo "1908"]
[PlyCount "75"]
[EventDate "2016.05.05"]
[EventType "team"]
[EventRounds "5"]
[EventCountry "FRA"]
[WhiteTeam "Mulhouse"]
[BlackTeam "Clichy"]

1. e4 g6 2. d4 Bg7 3. Nc3 d6 4. Be3 a6 5. a4 b6 6. Nf3 Bb7 7. Qd2 Nd7 8. Bc4 h6
9. h3 e6 10. O-O Ne7 11. Rfe1 Nf6 12. Bd3 d5 13. exd5 Nfxd5 14. Nxd5 Nxd5 15.
Be4 Rb8 16. Qe2 Nxe3 17. Bxb7 Rxb7 18. fxe3 b5 19. axb5 axb5 20. Ra5 c6 21. Ra6
Qc7 22. Nd2 O-O 23. Ne4 e5 24. Nc5 Ra7 25. c3 Rfa8 26. Rea1 Rxa6 27. Rxa6 Rxa6
28. Nxa6 Qa5 29. Nb4 Qb6 30. Qg4 Qc7 31. Qe4 exd4 32. exd4 c5 33. Na6 Qa5 34.
Nxc5 Qa1+ 35. Kh2 Qxb2 36. Qe8+ Kh7 37. Qxf7 Qxc3 38. Ne6 1-0

[Event "Women Team Championship Preliminaries"]
[Site "Mulhouse"]
[Date "2016.05.05"]
[Round "1.4"]
[White "Milroy, Melana"]
[Black "Neuhauser, Salome"]
[Result "0-1"]
[WhiteElo "1510"]
[BlackElo "2082"]
[PlyCount "96"]
[EventDate "2016.05.05"]
[EventType "team"]
[EventRounds "5"]
[EventCountry "FRA"]
[WhiteTeam "Clichy"]
[BlackTeam "Mulhouse"]

1. e4 c5 2. Nc3 g6 3. f4 Bg7 4. Nf3 e6 5. Be2 Ne7 6. O-O Nbc6 7. Bb5 O-O 8.
Bxc6 Nxc6 9. d3 d5 10. Qe1 Nd4 11. Nxd4 cxd4 12. Nb1 dxe4 13. Qxe4 Qc7 14. Na3
Bd7 15. Bd2 b5 16. Be1 a6 17. Bg3 Bc6 18. Qe2 Qb7 19. Nb1 Rac8 20. Nd2 Bd5 21.
Nb3 Rfd8 22. Qf2 Rd7 23. Rfc1 Qa7 24. Qd2 Qb7 25. Na5 Qb6 26. Nb3 Bh6 27. Rf1
e5 28. Qe2 e4 29. dxe4 d3+ 30. Qf2 Qxf2+ 31. Rxf2 Bxe4 32. cxd3 Rxd3 33. Re2
Bf5 34. Rae1 Be6 35. Nc1 Rd4 36. Rf2 Bf8 37. a3 b4 38. a4 Bc5 39. Rfe2 Rd1+ 40.
Kh1 Rd5 41. Bf2 Bg4 42. Rc2 Bxf2 43. Rxc8+ Bxc8 44. Rf1 Be3 45. Ne2 Rd2 46. Ng1
Bb7 47. Nf3 Rxb2 48. Ra1 Bxf4 0-1

[Event "Women Team Championship Preliminaries"]
[Site "Mulhouse"]
[Date "2016.05.05"]
[Round "1.1"]
[White "Vega Gutierrez, Sabrina"]
[Black "Cramling, Pia"]
[Result "1/2-1/2"]
[WhiteElo "2375"]
[BlackElo "2471"]
[PlyCount "54"]
[EventDate "2016.05.05"]
[EventType "team"]
[EventRounds "5"]
[EventCountry "FRA"]
[WhiteTeam "Evry"]
[BlackTeam "Monaco"]

1. d4 Nf6 2. c4 e6 3. Nc3 Bb4 4. Qc2 d6 5. a3 Bxc3+ 6. Qxc3 O-O 7. Bg5 Nbd7 8.
Nf3 b6 9. e3 Bb7 10. Nd2 Rc8 11. f3 c5 12. dxc5 Rxc5 13. Bh4 d5 14. b4 Rc7 15.
Bg3 e5 16. Qb3 Qe7 17. Be2 Rfc8 18. O-O dxc4 19. Bxc4 Rxc4 20. Nxc4 Bd5 21. Qa4
Bxc4 22. Rfc1 a6 23. Ra2 Qd6 24. e4 b5 25. Qa5 Nh5 26. Be1 Qd3 27. Bf2 Nf4
1/2-1/2

[Event "Women Team Championship Preliminaries"]
[Site "Mulhouse"]
[Date "2016.05.05"]
[Round "1.2"]
[White "Chung, Mathilde"]
[Black "Milliet, Sophie"]
[Result "1/2-1/2"]
[WhiteElo "2165"]
[BlackElo "2346"]
[PlyCount "44"]
[EventDate "2016.05.05"]
[EventType "team"]
[EventRounds "5"]
[EventCountry "FRA"]
[WhiteTeam "Monaco"]
[BlackTeam "Evry"]

1. d4 Nf6 2. c4 e6 3. Nf3 b6 4. g3 Ba6 5. b3 Bb4+ 6. Bd2 Be7 7. Bg2 c6 8. O-O
O-O 9. Bf4 d5 10. Ne5 Nfd7 11. Qc2 Nxe5 12. dxe5 Nd7 13. Rd1 Rc8 14. e4 Qe8 15.
exd5 cxd5 16. Qd2 Nc5 17. cxd5 exd5 18. Nc3 d4 19. Qxd4 Ne6 20. Qa4 Rxc3 21.
Qxa6 Nxf4 22. gxf4 Bc5 1/2-1/2

[Event "Women Team Championship Preliminaries"]
[Site "Mulhouse"]
[Date "2016.05.05"]
[Round "1.3"]
[White "Safranska, Anda"]
[Black "Berezovska, Svletana"]
[Result "1-0"]
[WhiteElo "2223"]
[BlackElo "1823"]
[PlyCount "61"]
[EventDate "2016.05.05"]
[EventType "team"]
[EventRounds "5"]
[EventCountry "FRA"]
[WhiteTeam "Evry"]
[BlackTeam "Monaco"]

1. e4 c5 2. Be2 e6 3. f4 Nc6 4. Nf3 Nf6 5. d3 d6 6. O-O Be7 7. Kh1 O-O 8. Be3
b6 9. a3 Bb7 10. Qe1 Re8 11. Nbd2 d5 12. e5 Ng4 13. Bg1 f6 14. h3 fxe5 15. hxg4
exf4 16. c4 Bf6 17. Rb1 Qd7 18. g5 Bd8 19. Qh4 dxc4 20. Nxc4 e5 21. Rbd1 Re6
22. Qf2 Bxg5 23. Nxg5 Rh6+ 24. Bh2 Qf5 25. Ne4 Rd8 26. g4 Qe6 27. Bf3 b5 28.
Nxc5 Qe7 29. Nxb7 bxc4 30. Nxd8 Nxd8 31. Bd5+ 1-0